MENSE VAN FAAM (Record no. 682266)

MARC details
000 -LEADER
fixed length control field 00275nam a2200109Ia 4500
008 - FIXED-LENGTH DATA ELEMENTS--GENERAL INFORMATION
fixed length control field 220713s9999 xx 000 0 und d
020 ## - INTERNATIONAL STANDARD BOOK NUMBER
International Standard Book Number <a href="9780798 138444">9780798 138444</a>
082 ## - DEWEY DECIMAL CLASSIFICATION NUMBER
Classification number AF DEKO
942 ## - ADDED ENTRY ELEMENTS
Modifier ID
Modifier Name CRON CRON
100 ## - MAIN ENTRY--PERSONAL NAME
Personal name De Kock, Helene
245 #0 - TITLE STATEMENT
Title MENSE VAN FAAM
942 ## - ADDED ENTRY ELEMENTS
item type Books
Holdings
Withdrawn status Lost status Damaged status Not for loan Home library Current library Date acquired Cost, normal purchase price Total Checkouts Barcode Date last seen Price effective from item type Public note
        Gerard Sekoto PL(MMID-PLST-GERA) Gerard Sekoto PL(MMID-PLST-GERA) 13.07.2022 94.95   33089000120083 13.07.2022 13.07.2022 Books 285/00
        Rietkuil PL (MMID-PLST-RIET) Rietkuil PL (MMID-PLST-RIET) 24.06.2022 20.00   33228015601493 24.06.2022 24.06.2022 Books 17404